000 00505nam a2200181Ia 4500
003 GCL
008 140319s9999 xx 000 0 ara d
040 _aGCL /
_cGCL
082 0 4 _a891.4
_bت ت
100 1 _aتاجور، رابنذرانات
245 1 0 _aتشيترا وقصص اخرى /
_cتاجور، رابنذرانات
700 1 _aخليل جرجس خليل
300 _a142 ص
490 _a
650 0 4 _aالادب الهندى
650 0 4 _aالمسرح الهندى
942 _2ddc
_cBK
999 _c39433
_d39433